|
|
|
|
| LEADER |
01195nam a2200301Ia 4500 |
| 001 |
8246 |
| 003 |
BD-DhAAL |
| 005 |
20250924110655.0 |
| 008 |
150729s1996 enk 000 0 eng d |
| 020 |
|
|
|a 9780140254037
|
| 020 |
|
|
|a 014025403X
|
| 040 |
|
|
|a EQF
|c EQF
|d BD-DhAAL
|
| 082 |
|
|
|a 370.1
|2 23
|
| 100 |
1 |
|
|a Freire, Paulo,
|d 1921-1997.
|9 13326
|
| 240 |
1 |
0 |
|a Pedagoga̕ del oprimido.
|l English.
|
| 245 |
1 |
0 |
|a Pedagogy of the oppressed /
|c Paulo Freire ; translated by Myra Bergman Ramos.
|
| 250 |
|
|
|a New revised edition.
|
| 260 |
|
|
|a London ;
|a New York :
|b Penguin Books,
|c 1996.
|
| 300 |
|
|
|a 164 pages ;
|c 18 cm.
|
| 504 |
|
|
|a Includes bibliographical references.
|
| 541 |
|
|
|e 8246
|
| 650 |
|
0 |
|a Education
|x Philosophy.
|9 11536
|
| 650 |
|
0 |
|a Liberty.
|9 13279
|
| 852 |
|
|
|a Savar ampus Library
|c General Stacks
|
| 942 |
|
|
|2 ddc
|c BK
|
| 999 |
|
|
|c 35097
|d 35097
|
| 952 |
|
|
|0 0
|1 0
|2 ddc
|4 0
|6 370_100000000000000_FRE
|7 0
|9 55018
|a SCL
|b SCL
|c GEN
|d 2015-07-29
|g 1419.00
|l 1
|m 9
|o 370.1 FRE
|p 3020008246
|r 2017-07-16
|s 2017-05-10
|t 2
|w 2015-07-29
|y BK
|
| 952 |
|
|
|0 0
|1 0
|2 ddc
|4 0
|6 370_100000000000000_FRE
|7 0
|9 58509
|a SCL
|b SCL
|c GEN
|d 2016-03-25
|g 1415.00
|l 2
|m 4
|o 370.1 FRE
|p 3020008245
|r 2023-12-07
|s 2023-11-16
|t 1
|w 2016-03-25
|y BK
|